(Meg)Emlékezések sodrában. Veress Sándor emlékezete
Elmentve itt :
| Szerző: | |
|---|---|
| Adatforrás: | Meister |
| Forrásdokumentuma: | Helikon. - 9 sz., 1992, 11 p. |
| Nyelv: | magyar |
| Kulcsszavak: | zenetörténet VERESS Sándor |
| LEADER | 00371nab a2200133 i 4500 | ||
|---|---|---|---|
| 001 | bibPRO00009435 | ||
| 008 | 060524s1992 xx hun | ||
| 040 | |a Sz1 | ||
| 041 | |a hun | ||
| 100 | 1 | |a TERÉNYI Ede | |
| 245 | 1 | 1 | |a (Meg)Emlékezések sodrában. Veress Sándor emlékezete |c TERÉNYI Ede |
| 695 | |a zenetörténet | ||
| 695 | |a VERESS Sándor | ||
| 773 | 0 | |t Helikon. - |g 9 sz., 1992, 11 p. | |